| 000 | 00423nam a2200169 a 4500 | ||
|---|---|---|---|
| 020 | _a8125096 | ||
| 082 | 0 | 0 |
_a305.40954 _bMUK |
| 100 | _aMukherjee, Prabhati | ||
| 245 | _aHindu Women; Normative Models | ||
| 260 |
_aNew Delhi _bOrient Blackswan _c1994 |
||
| 300 | _a156p | ||
| 500 | _aincludes index and biblioraphy | ||
| 505 | 2 | _aIndex | |
| 650 | _aWomen-India | ||
| 700 | 1 | _aMukherjee, Prabhati | |
| 942 | _cBK | ||
| 999 |
_c10283 _d10283 |
||